Zánik účasti spoločníka v s.r.o.

Niekoľko právnych skutočností za ktorých dochádza k zániku účasti spoločnosti za trvania spoločnosti. Absolútny a relatívny zánik účasti v s.r.o. Zánik v s.r.o. z vôle spoločníka. Vylúčenie spoločníka valným zhromaždením. Vylúčenie spoločníka rozhodnutím súdu. Zrušenie účasti spoločníka v spoločnost...

Ausführliche Beschreibung

Gespeichert in:
Bibliographische Detailangaben
1. Verfasser: Černá, Anna
Format: Buchkapitel
Sprache:Slowakisch
Schlagworte:
Tags: Tag hinzufügen
Keine Tags, Fügen Sie das erste Tag hinzu!

MARC

LEADER 00000naa a2200000 4500
001 r034086
005 20230919085853.0
041 0 |a slo 
044 |a SK 
245 1 0 |a Zánik účasti spoločníka v s.r.o.  |c Anna Černá 
520 |a Niekoľko právnych skutočností za ktorých dochádza k zániku účasti spoločnosti za trvania spoločnosti. Absolútny a relatívny zánik účasti v s.r.o. Zánik v s.r.o. z vôle spoločníka. Vylúčenie spoločníka valným zhromaždením. Vylúčenie spoločníka rozhodnutím súdu. Zrušenie účasti spoločníka v spoločnosti vyhlásením konkurzu na jeho majetok. Zánik účasti v spoločnosti v dôsledku zníženia základného imania. Majetkové práva spoločníka po zániku účasti na spoločnosti. Spôsob zdanenia vyrovnacieho podielu. 
610 2 0 |a spoločnosti s r.o. 
610 2 0 |a spoločníci 
610 2 0 |a zákonník obchodný 
610 2 0 |a podiely obchodné 
610 2 0 |a zhromaždenia valné 
610 2 0 |a vklady 
610 2 0 |a vyrovnanie 
100 1 |a Černá, Anna